Oasis Songs NOT Written by Noel Gallagher - Sudden Death - Statistics

General Stats
  • This quiz has been taken 25 times
  • The average score is 4 of 12
Answers on the Grid
Answers color-coded by a green-red scale on the quiz's grid according to % correct below.
Wonderwall
I'm Outta Time
Little by Little
Hung in a Bad Place
Street Fighting Man
Some Might Say
I am the Walrus
Waiting for the Rapture
Be Here Now
Part of the Queue
Love Like a Bomb
Lyla
Soldier On
Full On
A Quick Peep
The Nature of Reality
Live Forever
The Quiet Ones
Champagne Supernova
D'you Know What I Mean?
Eyeball Tickler
Stop Crying Your Heart Out
Boy With the Blues
Won't Let You Down
 
Answer Stats
Answer % Correct
I'm Outta Time
83%
I am the Walrus
61%
Street Fighting Man
43%
Eyeball Tickler
39%
Love Like a Bomb
39%
Boy With the Blues
35%
Hung in a Bad Place
35%
The Quiet Ones
26%
Soldier On
22%
A Quick Peep
17%
Won't Let You Down
17%
The Nature of Reality
9%
No matching quizzes found
Score Distribution
Percent of People with Each Score
Percentile by Number Answered
Your Score History
You have not taken this quiz